| 000 | 00804nam a2200205Ii 4500 | ||
|---|---|---|---|
| 003 | JO-AjNU | ||
| 008 | 230605s9999||||xx |||||||||||||| ||und|| | ||
| 020 | _a9957-400-79-7 | ||
| 040 |
_aJO-AjNU _bara _erda _cJO-AjNU |
||
| 041 | _aara | ||
| 050 | 1 | 4 | _aHG1614.Z8238 2008 |
| 100 | 3 |
_aتأليف: الزبيدي،حمزة محمود, _eauthor _927955 |
|
| 245 | 0 | 0 | _aادارة الائتمان المصرفي والتحليل الائتماني |
| 264 | 3 | 1 | _aعمان: مؤسسة الوراق للنشر والتوزيع، 2008 |
| 300 |
_a320ص _bيحتوي على ببلوغرافية من 313-320ص |
||
| 336 |
_atext _btxt _2rdacontent |
||
| 337 |
_aunmediated _bn _2rdamedia |
||
| 338 |
_avolume _bnc _2rdacarrier |
||
| 650 | 4 |
_aالادارة الماليه- الاقتراض- التسبيف _927956 |
|
| 999 |
_aA10784 _c14352 _d14352 |
||